Qui a donné ce prénom à son enfant ? (4) - Statistiques

Statistiques générales
  • Ce quiz a été pris 21 fois
  • Le résultat moyen est 4 sur 25
Statistiques - réponses
Hint Réponse % Correct
Vivienne Marcheline Angelina Jolie & Brad Pitt
42%
Shiloh Nouvel Angelina Jolie & Brad Pitt
42%
Cruz Victoria & David Beckham
42%
Kal-El Alice Kim & Nicolas Cage
33%
Rumer Glenn Demi Moore & Bruce Willis
33%
Harper Seven Victoria & David Beckham
33%
Zahara Marley Angelina Jolie & Brad Pitt
25%
Uhaina Claire Keim & Bixente Lizarazu
25%
Zachary Elton John & David Furnish
25%
Cy Zoe Saldana & Marco Perego
25%
Scout LaRue Demi Moore & Bruce Willis
17%
Evelyn Penn Emma Heming & Bruce Willis
17%
Jenaye Heather Stuart-Whyte & Yannick Noah
17%
Jazz Valérie Bègue & Camille Lacourt
17%
Phinnaeus Walter Julia Roberts & Daniel Moder
8%
Saxon Justine Wilson & Elon Musk
8%
Denim Keri Lewis & Toni Braxton
8%
Weston Kristina Fulton & Nicolas Cage
8%
Satchel Mia Farrow & Woody Allen
8%
Faith Nicole Kidman & Keith Urban
8%
River Rocket Jools et Jamie Oliver
0%
Buddy Bear Maurice Jools et Jamie Oliver
0%
Griffin Justine Wilson & Elon Musk
0%
Everest Mellody Hobson & George Lucas
0%
August Francesca Coppola Riko Shibat & Nicolas Cage
0%
Aucun quiz correspondant
Distribution des résultats
% des personnes avec chaque résultat
Percentile par nombre de réponses
Votre historique - résultats
Vous n’avez pas pris ce quiz